The Hague City Trivia - Statistics

General Stats
  • This quiz has been taken 5 times
  • The average score is 11 of 18
Answer Stats
Clue Answer % Correct
Over 1/3rd of people in The Hague use these as their main method of transportation Bicycles
100%
The Hague has a coast on this sea North Sea
100%
Major city located 20 km southeast Rotterdam
100%
Province of the Netherlands that The Hague is situated in South Holland
100%
"The Hague" in Dutch Den Haag
80%
Iconic Johannes Vermeer painting located in the Mauritshuis museum Girl with a {Pearl} Earring
80%
The ICJ is the only major UN body not located in this city New York
80%
Footballer born in The Hague who plays for Manchester City {Nathan} Aké
60%
Building home to the International Court of Justice, or ICJ {Peace} Palace
60%
Two Dutch kings with this name were born in The Hague William
60%
The Hague is the ___________ capital of the Netherlands Administrative
40%
Major building complex overlooking Hofvijver lake {Binnen}hof
40%
Court where people are tried for severe crimes against humanity International Criminal Court
40%
Noordeinde and Huis ten Bosch are this type of building Royal Palaces
40%
's-Gravenhage is the historic name, which roughly means this in English The {Count}'s Hedge
40%
Street slang nickname of The Hague Agga
20%
Main financial district of The Hague * hint: think of the bride's name in Kill Bill {Beatrix} Quarter
20%
Treaty that established it in 2002 {Rome} Statute
20%
No matching quizzes found
Score Distribution
Percent of People with Each Score
Percentile by Number Answered
Your Score History
You have not taken this quiz